All's fair in love, war, and high school / (Record no. 2972)

MARC details
000 -LEADER
fixed length control field 01159cam a2200313 a 4500
001 - CONTROL NUMBER
control field 2972
003 - CONTROL NUMBER IDENTIFIER
control field FISKH
005 - DATE AND TIME OF LATEST TRANSACTION
control field 20241108132149.0
008 - FIXED-LENGTH DATA ELEMENTS--GENERAL INFORMATION
fixed length control field 030225s2003 nyu j 000 1 eng
010 ## - LIBRARY OF CONGRESS CONTROL NUMBER
LC control number 2003042299
020 ## - INTERNATIONAL STANDARD BOOK NUMBER
International Standard Book Number 0802788742
020 ## - INTERNATIONAL STANDARD BOOK NUMBER
International Standard Book Number 9780439636223
040 ## - CATALOGING SOURCE
Original cataloging agency DLC
Transcribing agency DLC
Modifying agency DLC
Language of cataloging eng
042 ## - AUTHENTICATION CODE
Authentication code lcac
050 00 - LIBRARY OF CONGRESS CALL NUMBER
Classification number PZ7.R13455
Item number Al 2003
082 00 - DEWEY DECIMAL CLASSIFICATION NUMBER
Classification number [Fic]
Edition number 21
100 1# - MAIN ENTRY--PERSONAL NAME
Personal name Rallison, Janette,
Dates associated with a name 1966-
245 10 - TITLE STATEMENT
Title All's fair in love, war, and high school /
Statement of responsibility, etc. Janette Rallison.
246 3# - VARYING FORM OF TITLE
Title proper/short title All is fair in love, war, and high school
260 ## - PUBLICATION, DISTRIBUTION, ETC.
Place of publication, distribution, etc. New York :
Name of publisher, distributor, etc. Scholastic,
Date of publication, distribution, etc. 2003.
300 ## - PHYSICAL DESCRIPTION
Extent 183 pages ;
Dimensions 20 cm
520 ## - SUMMARY, ETC.
Summary, etc. When head cheerleader Samantha Taylor does poorly on the SAT exam, she determines that her only hope for college admission is to win the election for student body president, but her razor wit and acid tongue make her better suited to dishing out insults than winning votes.
650 #1 - SUBJECT ADDED ENTRY--TOPICAL TERM
Topical term or geographic name entry element High schools
Form subdivision Fiction.
650 #1 - SUBJECT ADDED ENTRY--TOPICAL TERM
Topical term or geographic name entry element Schools
Form subdivision Fiction.
650 #1 - SUBJECT ADDED ENTRY--TOPICAL TERM
Topical term or geographic name entry element Self-perception
Form subdivision Fiction.
650 #1 - SUBJECT ADDED ENTRY--TOPICAL TERM
Topical term or geographic name entry element Elections
Form subdivision Fiction.
906 ## - LOCAL DATA ELEMENT F, LDF (RLIN)
a 7
b cbc
c orignew
d 1
e ocip
f 20
g y-gencatlg
942 ## - ADDED ENTRY ELEMENTS (KOHA)
Source of classification or shelving scheme Dewey Decimal Classification
Koha item type Books
Suppress in OPAC No
Holdings
Withdrawn status Lost status Source of classification or shelving scheme Damaged status Not for loan Collection Home library Current library Shelving location Date acquired Total Checkouts Full call number Barcode Date last seen Copy number Price effective from Koha item type
    Dewey Decimal Classification     Fiction Footprints International School Library Network Toul Kork Campus Footprints International School Library Network Toul Kork Campus   01/26/2024   RAL Fic PZ7.R13455 FISSE02058 01/26/2024 1 01/26/2024 Books
    Dewey Decimal Classification     Fiction Footprints International School Library Network Toul Kork Campus Footprints International School Library Network Toul Kork Campus TTP Secondary Fiction Bookshelves 01/26/2024   RAL Fic PZ7.R13455 FISSE02106 11/08/2024 2 01/26/2024 Books